000 00376nam a2200133Ia 4500
008 211109s9999||||xx |||||||||||||| ||und||
082 _a823.3
_bCRO-S
100 _aCronin, A J
245 0 _aSong of Sixpence
260 _bUnknown Publisher
_aNo Place
_c1964
630 _xGeneral Stack
650 _aEnglish literatures
_vEnglish fiction
_xEnglish NovelGeneralia
942 _cBOOK
999 _c56768
_d56768